00150nam a2200073 4500082000800000100001600008245002300024260002900047 aBHA aBhasia, P.L aQuantity Surveying aDelhi:bS. Chand,c1990.